People that got cancelled. - Statistics

General Stats
  • This quiz has been taken 50 times
  • The average score is 7 of 17
Answer Stats
Year What they did Profession Answer % Correct
2022 Slapped Chris Rock on live television. Actor Will Smith
96%
1998 Cheated on his wife with an intern. World Leader Bill Clinton
82%
2002 Dangled his child over a balcony. Singer Michael Jackson
76%
1992 Ripped up a picture of the the pope on SNL. Singer Sinead O'Connor
60%
2012 Got caught doping, lost his world champion status. Athlete Lance Armstrong
58%
2022 Said he would go "death con 3" on a certain religious minority. Singer Kanye West
53%
2019 Dressed up as an arab man using blackface in 2001. World Leader Justin Trudeau
49%
2011 Just did a lot of drugs. Winning! Actor Charlie Sheen
47%
2003 Convicted of securities fraud. TV Personality Martha Stewart
42%
2007 Ran a dog-fighting ring. Athlete Michael Vick
42%
2013 Sued by employee for racial discrimination. Celebrity Chef Paula Dean
31%
2015 Licked a donut. Said she hated America. Singer Ariana Grande
27%
2009 Smoked weed. The HORROR! Athlete Michael Phelps
20%
2024 Allegedly slept with a 17 year old Youtuber when he was 25. Never addressed allegations. Continued to DJ. Youtuber Cody Ko
18%
2021 Tried to bring down a local fro yo shop for selling sugar free cookies. Actor/Singer Demi Lovato
16%
2012 Ran around San Diego naked during an apparent mental break. Activist Jason Russell
9%
2020 Had numerous sexual encounters with barely legal girls. Comedian Chris Delia
7%
No matching quizzes found
Score Distribution
Percent of People with Each Score
Percentile by Number Answered
Your Score History
You have not taken this quiz